Riconosci il Pokémon - Quiz n°172 - Statistics

Statistiche generali
  • Questo quiz è stato fatto 2 volte
  • Il punteggio medio è 2 su 10
Statistiche sulle risposte
Indizio Risposta % Corretto
Tipo Normale / Folletto
100%
Generazione Terza
100%
Altezza 0,20 m
0%
Tasso di cattura 150 (29.5%)
0%
Peso 2,0 kg
0%
Sesso 25% ♂, 75% ♀
0%
Pokémon Azurill
0%
Stadio evoluzione Forma Baby
0%
Abilità Grassospesso; Macroforza; Mangiaerba
0%
Tasso di allevamento Veloce
0%
Nessun quiz corrispondente trovato
Distribuzione punteggi
Percentuale di utenti per punteggio
Percentile per numero di risposta
I tuoi punteggi nel tempo
Non hai fatto questo quiz